<?xml version="1.0" encoding="UTF-8"?>
<collection xmlns="http://www.loc.gov/MARC21/slim">
  <record>
    <leader>00000nam  2200000   4500</leader>
    <controlfield tag="001">INLIS000000000020287</controlfield>
    <controlfield tag="005">20250604103454</controlfield>
    <datafield tag="035" ind1="#" ind2="#">
      <subfield code="a">0010-0625000029</subfield>
    </datafield>
    <controlfield tag="007">ta</controlfield>
    <controlfield tag="008">250604################|##########|#|##</controlfield>
    <datafield tag="084" ind1="#" ind2="#">
      <subfield code="a">R 0012 PIM I 2024</subfield>
    </datafield>
    <datafield tag="100" ind1=" " ind2="#">
      <subfield code="a">Sari Harjanti</subfield>
    </datafield>
    <datafield tag="245" ind1="1" ind2="#">
      <subfield code="a">Transformasi Tata Kelola Arsip Kepresidenan untuk Mewujudkan Good Governance (SiARPRES) /</subfield>
      <subfield code="c">Sari Harjanti</subfield>
    </datafield>
    <datafield tag="260" ind1="#" ind2="#">
      <subfield code="a">Jakarta :</subfield>
      <subfield code="b">Pusbangkom Pimnas dan Manajerial ASN,</subfield>
      <subfield code="c">2024</subfield>
    </datafield>
    <datafield tag="300" ind1="#" ind2="#">
      <subfield code="a">50 halaman ;</subfield>
      <subfield code="c">30 cm</subfield>
    </datafield>
    <datafield tag="650" ind1="#" ind2="4">
      <subfield code="a">Arsip Keprisidenan</subfield>
    </datafield>
    <datafield tag="650" ind1="#" ind2="4">
      <subfield code="a">Transformasi Tata Kelola</subfield>
    </datafield>
    <datafield tag="520" ind1="#" ind2="#">
      <subfield code="a">Kementerian Sekretariat Negara terus berupaya melakukan penyelamatan arsip yang bernilai sejarah dan mengotimalkan aksebilitas serta pemanfaatan arsip sehingga terwujud reformasi berdampak bagi masyarakat. Langkah strategis dalam pendokumentasian warisan yang bernilai tinggi dilakukan melalui berbagai kegiatan kearsipan yang inovatif dan berkolaborasi dengan Kementarian/Lembaga dan Organisasi Internasional. Kebijakan yang tertuang dalam proyek perubahan ini berupa regulasi yaitu Rancangan Peraturan Menteri Sekretaris Negara tentang Arsip Kepresidenan yang mengatur dan menyinergikan pengelolaan arsip kepresidenan yang diciptakan oleh lembara kepresidenan.</subfield>
    </datafield>
    <datafield tag="990" ind1="#" ind2="#">
      <subfield code="a">2024/1.2.1/A/0012</subfield>
    </datafield>
  </record>
</collection>
